ბათუმის შოთა რუსთაველის სახელმწიფო უნივერსიტეტის ბიბლიოთეკა

Geschichte der deutschen Literatur Band. II: (ბიბ.ჩანაწერი № 62157)

000 -LEADER
fixed length control field 00705nam a22001817a 4500
005 - DATE AND TIME OF LATEST TRANSACTION
control field 20240724151057.0
008 - FIXED-LENGTH DATA ELEMENTS--GENERAL INFORMATION
fixed length control field 240724s2016 ge ||||| |||| 00| 0 ger d
020 ## - INTERNATIONAL STANDARD BOOK NUMBER
International Standard Book Number 9783406697333 X
041 ## - LANGUAGE CODE
Language code of text/sound track or separate title ger
080 ## - UNIVERSAL DECIMAL CLASSIFICATION NUMBER
Universal Decimal Classification number 821.112.2 G-41
245 ## - TITLE STATEMENT
Title Geschichte der deutschen Literatur Band. II:
Remainder of title Vom 19. Jahrhundert bis zur Gegenwart /
Statement of responsibility, etc. Bengt Algot Sørensen (Editor)
264 ## - PRODUCTION, PUBLICATION, DISTRIBUTION, MANUFACTURE, AND COPYRIGHT NOTICE
Place of production, publication, distribution, manufacture München:
Name of producer, publisher, distributor, manufacturer Verlag C.H. Beck,
Date of production, publication, distribution, manufacture, or copyright notice 2016.
300 ## - PHYSICAL DESCRIPTION
Extent 512 p.:
Other physical details 19 cm.
653 ## - INDEX TERM--UNCONTROLLED
keyword Geschichte der deutschen Literatur
653 ## - INDEX TERM--UNCONTROLLED
keyword გერმანული ლიტერატურის ისტორია
700 ## - ADDED ENTRY--PERSONAL NAME
Personal name Sørensen, Bengt Algot
Relator term რედაქტორი
9 (RLIN) 22935
942 ## - ADDED ENTRY ELEMENTS (KOHA)
Source of classification or shelving scheme
Koha item type წიგნი
ეგზემპლარები
Withdrawn status Lost status Source of classification or shelving scheme Damaged status Not for loan Permanent Location Current Location Shelving location Date acquired Cost, normal purchase price Full call number Barcode Date last seen Copy number Price effective from Koha item type Public note
          ბათუმის შოთა რუსთაველის სახელმწიფო უნივერსიტეტის მთავარი ბიბლიოთეკა ბათუმის შოთა რუსთაველის სახელმწიფო უნივერსიტეტის მთავარი ბიბლიოთეკა წიგნსაცავი 2024-07-24 70.00 821.112.2 G-41 68837 2024-07-24 68837 2024-07-24 წიგნი 70.00
          ბათუმის შოთა რუსთაველის სახელმწიფო უნივერსიტეტის მთავარი ბიბლიოთეკა ბათუმის შოთა რუსთაველის სახელმწიფო უნივერსიტეტის მთავარი ბიბლიოთეკა წიგნსაცავი 2024-07-24 262.00 821.112.2 G-41 68838 2024-07-24 68838 2024-07-24 წიგნი 262.00